Statistics for Baby Movies

Click here to take the quiz!

General Stats

  • This quiz has been taken 6 times
  • The average score is 3 of 17

Answer Stats

StarringTitle% Correct
Tom Selleck, Steve GuttenbergThree Men and a Baby
80%
Hilary Swank, Clint EastwoodMillion Dollar Baby
60%
Bette Davis, Joan CrawfordWhat Ever Happened to Baby Jane?
40%
Katharine Hepburn, Cary GrantBringing Up Baby
20%
Tina Fey, Amy PoehlerBaby Mama
20%
Mia Farrow, John CassavetesRosemary's Baby
20%
Lara Flynn Boyle, Joy MantegnaBaby's Day Out
20%
Kevin Bacon, Elizabeth McGovernShe's Having a Baby
20%
Alec Baldwin, Steve BuscemiThe Boss Baby
20%
Diane Keaton, Sam ShepardBaby Boom
20%
Barbara Stanwyck, George BrentBaby Face
0%
Hugh Laurie, Joely RichardsonMaybe Baby
0%
Elisabeth Shue, Maia BrewtonAdventures in Babysitting
0%
Kathleen Turner, Christopher LloydBaby Geniuses
0%
Morgan Freeman, Ed HarrisGone Baby Gone
0%
Brooke Shields, Keith CarradinePretty Baby
0%
Johnny Depp, Ricki LakeCry-Baby
0%

Score Distribution

Percentile by Number Answered

Percent of People with Each Score

Your Score History

You have not taken this quiz